Quizzes
Events
Quiz Creation
Community
Videos
Private Events
Remove Ads
Sign In
Join for FREE
Feedback
Dark Mode
Quiz Categories
Sports
Geography
Music
Movies
Television
Just For Fun
Miscellaneous
History
Literature
Language
Science
Gaming
Entertainment
Religion
Holiday
For Kids
Quiz Lab
Recent
Popular Today
Quiz Kudos Today
Editor Picks
Curator Picks
Quizzes by...
Day
Popularity
Type
Ratings
Length
Year
Community
Subscriptions
Recent Discussions
Orange Saloon
Badges
Playlists
Quests
Create
Leaderboards
Showdown
Live 5
Trivia Bingo
Activity
Puzzle Library
Sporcle Events
Private Events
Virtual Trivia
Globe League
Become a Host
Pub Owners
SporcleCon
Opinionation
Our Games
Videos
Blog
Mobile Apps
Partnerships
Remove Ads and Go Orange
Feedback
Music
Pop Music
The Beatles
Song
Album
Lyrics
Bands
Singers
Artist
Clip
Rock
Rap
Classical
Billboard
Country Music
Kpop
Taylor Swift
Music
Pop Music
The Beatles
Song
Album
Lyrics
Bands
Singers
Artist
Clip
Rock
Rap
Classical
Billboard
Country Music
Kpop
Taylor Swift
Random Quiz
Search Sporcle
×
Quiz Lab
Quiz Lab
Music
Lyrics
Type in answers that appear in a list
Type in answers that appear in a list
Classic
Best Score? Go Orange.
U2 Songs by Lyrics Stats
Can you name the U2 songs by lyric?
By
MLew10
8m
20 Questions
360 Plays
360 Plays
360 Plays
Comments
Comments
Give Quiz Kudos
Give Quiz Kudos
-
- Ratings
hide this ad
Forced Order
Answers have to be entered in order
Answers have to be entered in order
Replay
Link that replays current quiz
Next Quiz
Link to next quiz in quiz playlist
You Got
0%
They Got
Avg Score
63%
Avg Friend Score
Upgrade to see
Score Distribution
Jump to the score distribution portion of the page
Score
0/20
Timer
08:00
0
Plays Today
Lyric
Song
% Correct
'Through the storm we reach the shore'
With Or Without You
80.8%
'See the world in green and blue '
Beautiful Day
80.3%
'Love is a temple'
One
80.3%
'One man betrayed with a kiss'
Pride (In The Name Of Love)
80.3%
'I wanna take shelter from the poison rain'
Where The Streets Have No Name
78.6%
'We eat and drink while tomorrow they die'
Sunday Bloody Sunday
76.4%
'All of this, all of this can be yours'
Vertigo
72.8%
'I have spoke with the tongue of angels'
Still Haven't Found What I'm Looking For
71.9%
'And the fever getting higher'
Desire
65.3%
'And it's you when I look in the mirror'
Sometimes You Can't Make It On Your Own
65%
Lyric
Song
% Correct
'In the howling wind comes a stinging rain'
Bullet The Blue Sky
63.1%
'You've got to get yourself together '
Stuck In A Moment You Can't Get Out Of
61.4%
'And so we're told this is the golden age'
New Year's Day
60.3%
'Can't sing but I've got soul '
Elevation
59.4%
'And so fade away'
Bad
58.3%
'Let me in the sound'
Get On Your Boots
55.6%
'Justified till we die, you and I will magnify'
Magnificent
51.1%
'I wanted to run but she made me crawl'
Sweetest Thing
47.8%
'You never looked like an angel'
Angel Of Harlem
39.4%
'Oh Lordy you've been stealing from the thieves '
Hold Me, Thrill Me, Kiss Me, Kill Me
28.9%
Quiz Playlist
Details
Report
Send in Message
Add To Playlist
Classic:
Type in answers that appear in a list
Forced Order:
Answers have to be entered in order
Last Updated: Feb 16, 2017
Quiz Scoreboard
CHALLENGE
Sign Up to Join the Scoreboard
Show All
Scores
Hide
Comments
May contain spoilers
Recently Published
Presidents Visiting Landmarks
by Hejman
History
7m
An Introduction to Baseball
by treessimontrees
Sports
5m
Movies - When Are They Set?
by FPL_Elf
Movies
5m
More to Explore
Quiz From the Vault
Featured Blog Post
Where Did the Easter Bunny Come From?
hide this ad
You Might Also Like...
Tags
Lyrics Quiz
Song Quiz
Today's Top Quizzes in Music
Browse Music
hide this ad
Today's Top Quizzes in Lyrics
Browse Lyrics
Top Contributed Quizzes in Music
1
Taylor Swift All Songs (2024)
2
Guess the Artist- 70s Songs
3
7-to-1: Billboard Hot 100 #1 Hits of 2010s
4
Sorting Albums and Songs
5
Taylor Swift Logic Puzzle
6
One Thing in Common: Music
7
2010s Album by Cover III
8
KPOP LOGIC QUIZ
9
Guess the Taylor Swift song (Mystery Song)
10
Guess the Artist- 80s Songs
Explore More
Trending Topics
Anime
Crossword
Kpop
NBA
Marvel
Harry Potter
Disney
The Office
Soccer
Pokémon
Puzzle
Song
Country
WWE
NFL
hide this ad
More By:
MLew10
Quiz
Plays
Rating
Category
Featured
Created
NHL Winningest Coach by Team
382
5.00
Sports
Oct 1, 2009
U2 Songs by Lyrics
360
4.00
Music
Nov 27, 2009
Name the Lead Singer - Canadiana Edition
118
4.75
Music
Dec 1, 2010
Go to Creator's Profile
Score Distribution
Quiz Creator Spotlight
MLew10
Follow
Send a Message
Quizzes Created
-
Created Quiz Play Count
-
More By This Creator
Popular Quizzes Today
1
Find the US States - No Outlines Minefield
2
Find the Countries of Europe - No Outlines Minefield
3
The Countries of the World
4
Find the US States
5
Popular People in 1961
6
US States
7
Risky Map Clicking: Biggest States A-Z
8
Movies - When Are They Set?
More Music Quizzes
90s US Indie Albums
Editor's Pick
Trending Quizzes
Risky Map Clicking: Least Populous States A-Z
1-10 Letter G Words
1-10 Letter F Words
Risky Map Clicking: Next State Alphabetically
Risky Map Clicking: Biggest States A-Z
Recently Updated
Leaping Animals
pecheneg
Reality TV Shows (A-Z)
bhenderson79
Rickey Henderson's Hall of Fame Teammates
pecheneg
Champions League XIs: Arsenal
pecheneg
Quick Pick: Celebrities in WWE's Hall of Fame
aduchscher
A-Z Keypad Blitz II
pecheneg
Multiple Oscar Actors
pecheneg
Mystery Phrase Blitz: Oscar 'Best Actors'
pecheneg
F. Scott Fitzgerald Novels
LTH
Pick 3 Villains
ddd62291
Trending Topics
Disney
Crossword
Kpop
Anime
Harry Potter
Marvel
NBA
Puzzle
NFL
Soccer
Country
WWE
Song
Pokémon
The Office
Your Account Isn't Verified!
In order to create a playlist on Sporcle, you need to verify the email address you used during registration. Go to your
Sporcle Settings
to finish the process.
Report this User
Report this user for behavior that violates our
Community Guidelines
.
Details:
Send Report
Go to the Sporcle.com Mobile Site →
Comments